Statistiques concernant Capitales d'Amérique du Sud

Cliquez ici pour prendre le quiz!

Statistiques générales

  • Ce quiz a été pris 353 fois
  • Le résultat moyen est 9 sur 12

Statistiques - réponses

PaysCapitale% Correct
BrésilBrasilia
96%
ArgentineBuenos Aires
90%
PérouLima
88%
ChiliSantiago
85%
ColombieBogota
79%
ÉquateurQuito
79%
UruguayMontevidéo
74%
VenezuelaCaracas
71%
BolivieSucre
69%
ParaguayAsuncion
66%
GuyanaGeorgetown
56%
SurinameParamaribo
49%

Distribution des résultats

Percentile par nombre de réponses

% des personnes avec chaque résultat

Votre développement - résultats

Vous n’avez pas pris ce quiz